书目信息 |
| 题名: |
经济危机和周期的理论与历史
|
|
| 作者: | 门德尔逊A. 著 ;斯竹 译 | |
| 分册: | 第一卷 | |
| 出版信息: | 北京 三联书店 1975 |
|
| 页数: | 406页 | |
| 开本: | 19cm | |
| 丛书名: | ||
| 单 册: | ||
| 中图分类: | F039 | |
| 科图分类: | ||
| 主题词: | 经济危机-经济周期论 , 经济周期论-经济危机 | |
| 电子资源: | ||
| ISBN: | ||
| 000 | 00888nam0 2200277 45 | |
| 001 | 0175002020 | |
| 005 | 20060724145736.73 | |
| 010 | @dCNY2.35 | |
| 100 | @a19950703d1975 em y0chiy0121 ea | |
| 101 | 1 | @achi@crus |
| 102 | @aCN@b110000 | |
| 105 | @ay z 000yy | |
| 200 | 10 | @a经济危机和周期的理论与历史@Ajing ji wei ji he zhou qi de li lun yu li shi@h第一卷@h上册@f(苏)A.门德尔逊著@g斯竹等译 |
| 205 | @a修订版@d1975 | |
| 210 | @a北京@c三联书店@d1975 | |
| 215 | @a406页@d19cm | |
| 300 | @a本书是《十九世纪的经济危机和周期》一书的补充修订版 | |
| 517 | 1 | @a十九世纪的经济危机和周期@Ashi jiu shi ji de jing ji wei ji he zhou qi |
| 606 | @a经济危机-经济周期论 | |
| 606 | @a经济周期论-经济危机 | |
| 690 | @aF039@v3 | |
| 701 | 0 | @a门德尔逊A.@Amen de er xuna.@4著 |
| 702 | 0 | @a斯竹@Asi zhu@4译 |
| 801 | 2 | @aCN@bNLC@c20060724 |
| 801 | 0 | @aCN@bTSSF |
| 905 | @a10447@dF039@e43:1 | |
| 经济危机和周期的理论与历史.第一卷.上册/(苏)A.门德尔逊著/斯竹等译.-修订版=1975.-北京:三联书店,1975 |
| 406页;19cm |
| 本书是《十九世纪的经济危机和周期》一书的补充修订版 |
| ISBN :CNY2.35 |
| ● |
| 相关链接 |
|
|
|
|
正题名:经济危机和周期的理论与历史
索取号:F039/43:1
 
预约/预借
| 序号 | 登录号 | 条形码 | 馆藏地/架位号 | 状态 | 备注 |
| 1 | 0425681 | 204256811 | 密集书库/ [索取号:F039/43:1] | 在馆 |